000 00581pab a2200193 454500
008 180718b2011 xxu||||| |||| 00| 0 eng d
100 _aDragoman, Dragos
245 _aRegional inequalities, decentralisation and the performance of local government in post-Communist Romania
260 _c2011
300 _ap.647-669.
362 _aDec
650 _aDecentralization - Romania
650 _aLocal government - Romania
650 _aRegional disparities - Romania
650 _aRegional disparities
773 _aLocal Government Studies
908 _aN
909 _a94485
999 _c94485
_d94485